Economa̕ social y solidaria en la educacin̤ superior un espacio para la innovacin̤ / Tomo 3

Detalles Bibliográficos
Autor principal: Hernǹdez Arteaga, Isabel
Otros Autores: Přez Muǫz, Colombia
Formato: eBook
Lenguaje:español
Publicado: Medelln̕: Universidad Cooperativa de Colombia, 2020
Materias:
Acceso en línea:Acceso restringido

MARC

LEADER 00000nam a22000007a 4500
005 20201022131648.0
007 cr|||| ||||
008 201022s2020 co |||||s|||| 00||0 spa d
020 |a 978-958-760-242-5 
035 |a 32121 
040 |a vLex 
090 |c 10783  |d 10783 
100 1 |a Hernǹdez Arteaga, Isabel 
245 1 0 |a Economa̕ social y solidaria en la educacin̤ superior  |h [Recurso electrn̤ico] :  |b un espacio para la innovacin̤ /  |c Isabel Hernǹdez Arteaga, Colombia Přez Muǫz  |n Tomo 3 
256 |a Servicio en ln̕ea 
260 |a Medelln̕:  |b Universidad Cooperativa de Colombia,  |c 2020 
300 |a 1 recurso electrn̤ico 
500 |a El tercer y l︢timo tomo de la coleccin̤ Economa̕ social y solidaria en la educacin̤ superior: un espacio para la innovacin̤ expone experiencias curriculares en universidades de Colombia, Brasil, Argentina, Portugal y Espaą. Inicia con la sistematizacin̤ de una experiencia que surge a finales de los aǫs setenta en Colombia, que ha inspirado la creacin̤ de posteriores programas formales y no formales para fortalecer la teora̕ y la prc̀tica de la economa̕ solidaria en los territorios. Despuš, las actividades formativas de la ess en el aula se vinculan con las matemt̀icas y sus aportes a la economa̕ popular. En la ln̕ea de desarrollo curricular, sus dos capt̕ulos muestran el aporte innovador de la enseąnza de la economa̕ social en una maestra̕ en Portugal y de la produccin̤ de conocimiento a travš de trabajos de grado y proyectos en universidades colombianas. Los siguientes capt̕ulos exploran las experiencias estťicas en la economa̕ solidaria, as ̕como el papel que juega la educacin̤ virtual para el desarrollo de competencias emprendedoras. Finalmente, Brasil vuelve a dar ejemplo de la capacidad de las universidades para el emprendimiento solidario y la innovacin̤ (la experiencia LabEcosol y sus impactos en el territorio). Palabras clave: academia, dil̀ogo de saberes, economa̕ solidaria, educacin̤ superior, estrategias pedagg̤icas. 
506 1 |a Disponible solo en los productos indicados  |d vLex Global  |d vLex Global (Academic Edition, excluding Law Schools)  |d vLex Global (U.S. Academic Edition, Law Schools)  |d vLex Global (U.S. Academic Edition, excluding Law Schools)  |d vLex Global (Academic Edition, Law Schools) 
650 0 4 |a Educacin̤  |z Colombia 
650 0 4 |a Economa̕ y negocios  |z Colombia 
700 1 |a Přez Muǫz, Colombia 
740 0 |a vLex Libros (Servicio en ln̕ea) 
856 4 0 |u http://vlex.com/source/economia-social-y-solidaria-en-la-educacion-superior-un-espacio-para-la-innovacion-tomo-3-32121  |z Acceso restringido 
942 |c BOOK 
999 0 |a Education 
999 0 |a Economy and business